000 00301nam a22001457a 4500
008 210308b ||||| |||| 00| 0 eng d
020 _a9780309100625
041 _aeng
080 _a91
082 _a91
100 _a42
101 _aGJEO
245 _aExtreme Waves
_cSmith,B.C
942 _2udc
_cBK
999 _c55975
_d55975